Contribution à la systématique des formes dégradées de la famille des Scincidae apparentées au genre Scelotes Fitzinger, (Record no. 2336)

MARC details
000 -LEADER
fixed length control field 01101cam a22002651 4500
001 - CONTROL NUMBER
control field af 47003796
003 - CONTROL NUMBER IDENTIFIER
control field DLC
005 - DATE AND TIME OF LATEST TRANSACTION
control field 20260227110822.0
008 - FIXED-LENGTH DATA ELEMENTS--GENERAL INFORMATION
fixed length control field 790621s1943 be a b 000 0 fre
010 ## - LIBRARY OF CONGRESS CONTROL NUMBER
LC control number af 47003796
035 ## - SYSTEM CONTROL NUMBER
System control number (OCoLC)5089428
040 ## - CATALOGING SOURCE
Original cataloging agency DLC
Transcribing agency TxCM
Modifying agency DLC
042 ## - AUTHENTICATION CODE
Authentication code premarc
050 00 - LIBRARY OF CONGRESS CALL NUMBER
Classification number QH3
Item number .B852 fasc. 26
100 1# - MAIN ENTRY--PERSONAL NAME
Personal name Witte, G. F. de
Fuller form of name (Gaston François)
245 10 - TITLE STATEMENT
Title Contribution à la systématique des formes dégradées de la famille des Scincidae apparentées au genre Scelotes Fitzinger,
Statement of responsibility, etc. par Gaston-François de Witte et Raymond Laurent.
260 ## - PUBLICATION, DISTRIBUTION, ETC.
Place of publication, distribution, etc. Bruxelles,
Name of publisher, distributor, etc. Musée royal d'histoire naturelle de Belgique,
Date of publication, distribution, etc. 1943.
300 ## - PHYSICAL DESCRIPTION
Extent 44 p.
Other physical details illus. (incl. diagr.)
Dimensions 33 cm.
490 1# - SERIES STATEMENT
Series statement Mémoires du Musée royal d'histoire naturelle de Belgique. 2. sér.,
Volume/sequential designation fasc. 26
500 ## - GENERAL NOTE
General note Imprint and series title also in Flemish.
504 ## - BIBLIOGRAPHY, ETC. NOTE
Bibliography, etc. note Bibliographical foot-notes.
650 #0 - SUBJECT ADDED ENTRY--TOPICAL TERM
Topical term or geographic name entry element Scelotes.
700 1# - ADDED ENTRY--PERSONAL NAME
Personal name Laurent, R. F.
Fuller form of name (Raymond F.),
Dates associated with a name 1917-
Relator term joint author.
810 2# - SERIES ADDED ENTRY--CORPORATE NAME
Corporate name or jurisdiction name as entry element Institut royal des sciences naturelles de Belgique.
Title of a work Mémoires. 2. sér. ;
Volume/sequential designation fasc. 26.

No items available.

Powered by Koha